00578nam a2200169 a 450000500170000000800410001702000180005805000240007610000270010024500500012725000220017726000390019930000100023844000290024852000980027765000330037520140412111244.0000822s19uu xx 00 eng d a0-590-34304-1 aTR(GS 004bB37 1984 aHanavan, Patricia Relf aBasic Computing B/cby Patricia Relf Hanavan. aTeacher's Edition aNew York :bScholastic Inc,c1984. a64 p. aA Scholastic Skills Book aThis book will help you learn: how a computer works, and how to make a computer work for you. aComputerxStudy and teaching